| 000 | 00399nam a2200121Ia 4500 | ||
|---|---|---|---|
| 008 | 230907s9999||||xx |||||||||||||| ||und|| | ||
| 082 |
_a532.001 _bBOY |
||
| 100 |
_aBoyer, Franck. _9115193 |
||
| 245 | 0 | _aMathematical tools for the study of the incompressible Navier-Stokes equations and related models / | |
| 260 |
_aSpringer, _bNew York ; | London : _c2013 |
||
| 300 | _axiii, 525 p. : | ||
| 942 | _cBK | ||
| 999 |
_c597816 _d597816 |
||